000 00562nam a22001937a 4500
003 KOHA_MİRAKIL
005 20251221153152.0
008 251221b tu ||||| |||| 00| 0 tur d
020 _a9789759955939
040 _aTR-AnABB
_btur
_cTR-AnABB
041 _atur
082 _a321.8
_bTOP 2020
100 1 _aTopçu, Nurettin,
245 1 0 _aİradenin davası devlet ve demokrasi /
_cNurettin Topçu
260 _aİstanbul :
_bDergah Yayınları,
_c2020
300 _a248 sayfa ;
_c21 cm
650 0 4 _aYönetim ve devlet sistemleri
942 _2ddc
_cBK
999 _c9853
_d9853
900 _bGizem YORULMAZ